| 000 | 00680nam a2200253 a 4500 | ||
|---|---|---|---|
| 005 | 20210219153011.0 | ||
| 008 | 991125n 000 0 u | ||
| 035 | _aUPN01000072457 | ||
| 100 | _aSmith, Linda B. | ||
| 222 | _aCOGNITIVE PSYCHOLOGY | ||
| 245 | _aA developmental analysis of the polar structure of dimensions | ||
| 300 | _a99-142 | ||
| 362 | _a24, No. 1, 1991 | ||
| 505 | _aJunio 1992 | ||
| 653 | 0 | _aDESARROLLO INFANTIL | |
| 653 | 0 | _aESTUDIANTES NO GRADUADOS | |
| 653 | 0 | _aEXPERIENCIA SENSORIAL | |
| 653 | 0 | _aLENGUAJE | |
| 653 | 0 | _aNI\197OS JOVENES | |
| 653 | 0 | _aPERCEPCION | |
| 700 | _aSera, Maria d. | ||
| 904 |
_aAC _b010268 |
||
| 905 | _aArticulo | ||
| 999 |
_c65927 _d65927 |
||